LEADER 01067nam a2200253 u 4500 001 000000071512 003 CaOOAMICUS 005 20070226122135.0 008 020528s1948 wiu u000 u eng u 035 $a10931344 040 $aPUL(R)$bita 100 1 $aO'Connor, William,$cC.S.Sp.$0(OLS)http://pul/name/47456 245 14$aThe Natural Desire for God /$cby the rev. William R. O'Connor .. 260 $aMilwaukee :$bMarquette University Press,$c1948. 300 $a90 p. ;$c19 cm 490 1 $aThe Aquinas lecture ;$v1948 500 $a"Under the auspices of the Aristotelian Society of Marquette University". 650 4$aDio.$0(OLS)http://pul/subject/3878 830 4$aThe Aquinas lecture ;$v1948.$0(OLS)http://pul/title/20004 850 $aPUL 852 $aPUL$W1$xDP1 Religione 1$y20$m486.F$j9230$n $b $qStampati$B92517$CPULBib$Z2$F92517 $H $81 941 1 $a8 996 $6245$aThe Natural Desire for God$9(OLS)http://pul/title/94133 996 $6260$aMilwaukee :$bMarquette University Press$9(OLS)http://pul/publisher/49546 LEADER 02284nam a2200361 u 4500 001 000000025470 003 CaOOAMICUS 005 20070226111452.0 008 950915s1995 it u000 u ita u 020 $a8834308212 035 $a10655760 040 $aPUL(R)$bita 041 1 $aita$agrc 100 1 $aReale, Giovanni,$d1931-2014.$0(OLS)http://pul/name/667 245 13$aIl trattato Sul cosmo per Alessandro attribuito ad Aristotele :$bmonografia introduttiva, testo greco con traduzione a fronte, commentario, bibliografia ragionata e indici /$cGiovanni Reale, Abraham P. Bos ; indici generali a cura di Giuseppe Girgenti e Francesco Sarri. 250 $a2. ed. completamente ricomposta, riveduta e ampliata /$bin collaborazione con A.P. Bos. 260 $aMilano :$bVita e pensiero,$c1995. 300 $a534 p. ;$c23 cm 490 1 $aPubblicazioni del Centro di ricerche di metafisica.$aCollana Temi metafisici e problemi del pensiero antico ;$v42 504 $a"Bibliografia ragionata sul "De mundo" negli ultimi duecento anni aggiornata al 1974 ad oggi da Abraham P. Bos": p. [357]-411. 600 04$aAristoteles,$d384-322 a.C.$tDe mundo$9(Aristoteles, 384-322 a.C. Opere spurie e dubbie).$0(OLS)http://pul/subject/7094 700 0 $aAristoteles,$d384-322 a.C.$tDe mundo$9(Aristoteles, 384-322 a.C. Opere spurie e dubbie)$lItaliano e greco.$0(OLS)http://pul/name/21132 700 1 $aSarri, Francesco,$d1948-$0(OLS)http://pul/name/6884 700 1 $aGirgenti, Giuseppe.$0(OLS)http://pul/name/14005 700 1 $aBos, Abraham P.$0(OLS)http://pul/name/6670 830 0$aPubblicazioni del Centro di ricerche di metafisica.$pCollana Temi metafisici e problemi del pensiero antico ;$v42.$0(OLS)http://pul/title/828 850 $aPUL 852 $aPUL$W1$xSL Filosofia 2$y80$mPhil A10b 42$j35604$nBK-PRI$b $qStampati altre collocazioni$B35604$CPULBib$Z2$F35604 $81 941 1 $a10 961 $aINV: 73777 996 $6020$a8834308212$9(OLS)http://pul/number/31742 996 $6245$aIl trattato Sul cosmo per Alessandro attribuito ad Aristotele :$bmonografia introduttiva, testo greco con traduzione a fronte, commentario, bibliografia ragionata e indici$9(OLS)http://pul/title/35087 996 $6260$aMilano :$bVita e pensiero$9(OLS)http://pul/publisher/48016